Дело об увольнении профессора Э.С. Фридлендера с присвоением ему звания заслуженного профессора

Доступно только в Электронных читальных залах Найти на картеНа карте
RUSMARC
00004380nmc2a2200000 x 450
00118d1e59f-9f83-45ab-848a-3912c1c7e1ab
00520170414174503.0
100##$a20140609l18531855k l0rusy0189 ca
1010#$arus
102##$aRU
2001#$aДело об увольнении профессора Э.С. Фридлендера с присвоением ему звания заслуженного профессора
$j19 ноября 1853 г. - 10 апреля 1855 г.
251##$cДело
300##$aДело
300##$aОриг. заголовок дела: Дело об утверждении ординарного профессора Дерптского университета статского советника Фридлендера в звание заслуженного профессора и об увольнении его от службы за выслугой срока с пенсией. 19 ноября 1853 г. - 10 апреля 1854 г
801#0$aRU
$bРГИА
$c20140609
$gRCR
801#1$aRU
$bГлавНИВЦ
$c20140609
$2rusmarc
801#2$aRU
$bПБ им. Б.Н. Ельцина
$c20170414
$gRCR
$2rusmarc
850##$aРГИА
852##$aРГИА
$eФедеральное казенное учреждение "Российский государственный исторический архив" (РГИА)
$j438
937##$hРГИА
$d11169909
$aASBIBLIO_SCAN
462#0$1001fe4edb2a-8658-4269-9710-afcb460e1db3
$12001
$aДела Департамента народного просвещения по Дерптскому учебному округу за 1837-1862 гг.
$1251
$cОпись
$1852
$j57
461#0$1001a74412a3-3cc5-4d21-8f0a-dfe2fbd9e72d
$12001
$aДепартамент народного просвещения Министерства народного просвещения (1803-1917)
$1251
$cФонд
$1852
$j733
215##$a19 л.
$d36,5x26 см
371##$aДокумент не является опубликованным и широко распространяемым
105##$aу###
1222#$ad
5171#$aДело об утверждении ординарного профессора Дерптского университета статского советника Фридлендера в звание заслуженного профессора и об увольнении его от службы за выслугой срока с пенсией. 19 ноября 1853 г. - 10 апреля 1854 г.
035##$a18d1e59f-9f83-45ab-848a-3912c1c7e1ab
856##$uhttp://readingroom.main.prlib.ru/item.aspx?id_node=n96994370&mode=full
Формат отображения